header

On the meaning of prepositions and cases (Record no. 74443)

MARC details
000 -LEADER
fixed length control field 01417nam a2200337 a 4500
082 04 - DEWEY DECIMAL CLASSIFICATION NUMBER
Classification number 485/.7
100 1# - MAIN ENTRY--AUTHOR NAME
Personal name Luraghi, Silvia,
245 10 - TITLE STATEMENT
Title On the meaning of prepositions and cases
260 ## - PUBLICATION, DISTRIBUTION, ETC. (IMPRINT)
Place of publication Amsterdam ;
-- Philadelphia :
Name of publisher J. Benjamins Pub. Co.,
Year of publication c2003.
300 ## - PHYSICAL DESCRIPTION
Number of Pages xii, 363 p.
490 1# - SERIES STATEMENT
Series statement Studies in language companion series,
650 #0 - SUBJECT ADDED ENTRY--TOPICAL TERM
Topical Term Greek language
Topical Term Greek language
Topical Term Greek language
856 40 - ELECTRONIC LOCATION AND ACCESS
Uniform Resource Identifier http://site.ebrary.com/lib/rucke/Doc?id=10046620

No items available.

© 2026 Rongo University
Contact us: librarian | system librarian | Rongo university